On inverse eigenvalue problems for a second-order differential equation with parameter contained in the boundary conditions /
Guardado en:
| Autor Principal: | |
|---|---|
| Autor Corporativo: | |
| Otros Autores: | |
| Formato: | Libro |
| Idioma: | English |
| Publicado: |
Bahía Blanca :
INMABB-CONICET, Universidad Nacional del Sur,
1980.
|
| Series: | Notas de álgebra y análisis (Instituto de Matemática, Universidad Nacional del Sur) ;
9 |
| Acceso en línea: | Texto escaneado (PDF) |
| Etiquetas: |
Agregar Etiqueta
Sin Etiquetas, Sea el primero en etiquetar este registro!
|
| LEADER | 00968nam a22002175a 4500 | ||
|---|---|---|---|
| 001 | MAT.inmabb006416 | ||
| 008 | 101116s1980####ag#a#####b####000#0#eng#d | ||
| 005 | 20151030111318.0 | ||
| 245 | 1 | 3 | |a On inverse eigenvalue problems for a second-order differential equation with parameter contained in the boundary conditions / |c Agnes Benedek and Rafael Panzone. |
| 260 | |a Bahía Blanca : |b INMABB-CONICET, Universidad Nacional del Sur, |c 1980. | ||
| 300 | |a 13 p. ; |c 26 cm. | ||
| 490 | 0 | |a Notas de álgebra y análisis, |x 0078-2009 ; |v 9 | |
| 504 | |a Bibliografía: p. 13. | ||
| 510 | 4 | |a MR, |c 82c:34023 | |
| 100 | 1 | |a Benedek, Agnes Ilona. | |
| 700 | 1 | |a Panzone, Rafael. | |
| 710 | 2 | |a Instituto de Matemática. INMABB. UNS. CONICET. | |
| 830 | 0 | |a Notas de álgebra y análisis (Instituto de Matemática, Universidad Nacional del Sur) ; |v 9 | |
| 084 | |a 34B25 |2 MR | ||
| 856 | 4 | 1 | |u http://inmabb-conicet.gob.ar/publicaciones/naa/naa-9.pdf |y Texto escaneado (PDF) |
| 859 | |p B-899 |b BIB. MATEMATICA | ||
